| 000 | 00434cam a22001691 4500 | ||
|---|---|---|---|
| 001 | 278812 | ||
| 005 | 20241114094302.0 | ||
| 008 | 720420s1963 nyua b 000 0 eng | ||
| 050 | 0 | 0 |
_aPR4836 _b.W3 |
| 082 | 0 | 0 | _a928.2 |
| 100 | 1 | _aWard, Aileen. | |
| 245 | 0 | 0 | _aJohn Keats; the making of a poet. |
| 260 |
_aNew York, _bViking Press _c[1963] |
||
| 300 |
_axii, 450 p. _billus. _c24 cm. |
||
| 500 | _aIncludes Index | ||
| 942 |
_2lcc _cBK _n0 |
||
| 999 |
_c1166 _d1166 |
||